A block to a building sale. (Record no. 60431)
[ view plain ]
| 000 -LEADER | |
|---|---|
| fixed length control field | 00864cam a2200205 4500 |
| 001 - CONTROL NUMBER | |
| control field | ABS60784 |
| 008 - FIXED-LENGTH DATA ELEMENTS--GENERAL INFORMATION | |
| fixed length control field | 000000n1999 000 0 eng u |
| 035 ## - SYSTEM CONTROL NUMBER | |
| System control number | (Sirsi) u101278 |
| 100 ## - MAIN ENTRY--PERSONAL NAME | |
| Personal name | Murphy, G. |
| 245 #2 - TITLE STATEMENT | |
| Title | A block to a building sale. |
| 260 ## - PUBLICATION, DISTRIBUTION, ETC. | |
| Date of publication, distribution, etc. | 1999 |
| 490 ## - SERIES STATEMENT | |
| Series statement | Estates Gazette |
| Volume/sequential designation | (9923) 12 June 1999, 133-135(2) |
| 520 ## - SUMMARY, ETC. | |
| Summary, etc. | Looks at the problems caused for landlords by the failure of the Landlord and Tenant Act 1987 to define the term 'building'. Thus it can be difficult for a landlord selling his estate or interest in more than one building to know how to 'sever' the transaction. The case law on the subject also tends to confuse rather than clarify. |
| 650 ## - SUBJECT ADDED ENTRY--TOPICAL TERM | |
| Topical term or geographic name entry element | LANDLORD AND TENANT ACT 1987 |
| 650 ## - SUBJECT ADDED ENTRY--TOPICAL TERM | |
| Topical term or geographic name entry element | DEFINITIONS |
| 650 ## - SUBJECT ADDED ENTRY--TOPICAL TERM | |
| Topical term or geographic name entry element | BUILT ENVIRONMENT |
| 690 ## - LOCAL SUBJECT ADDED ENTRY--TOPICAL TERM (OCLC, RLIN) | |
| Topical term or geographic name as entry element | PROPERTY-LANDLORD AND TENANT |
| 700 ## - ADDED ENTRY--PERSONAL NAME | |
| Personal name | Dollar, P. |
| 942 ## - ADDED ENTRY ELEMENTS (KOHA) | |
| Suppress in OPAC | 0 |
| Withdrawn status | Lost status | Source of classification or shelving scheme | Damaged status | Not for loan | Home library | Current library | Shelving location | Date acquired | Total Checkouts | Full call number | Barcode | Date last seen | Copy number | Price effective from | Koha item type |
|---|---|---|---|---|---|---|---|---|---|---|---|---|---|---|---|
| Dewey Decimal Classification | London | London | Journal article | 03/11/1999 | ABS60784 | 101278-1001 | 06/08/2019 | 1 | 06/08/2019 | Journal article |